Statistics for Prime Ministers of New Zealand

Click here to take the quiz!

General Stats

  • This quiz has been taken 986 times
    (141 since last reset)
  • The average score is 26 of 53

Answer Stats

TermPrime Minister% Correct
2017-2023Jacinda Ardern
100%
2008-2016John Key
96%
2023Chris Hipkins
94%
1999-2008Helen Clark
94%
2016-2017Bill English
93%
2023-Chris Luxon
93%
1997-1999Jenny Shipley
88%
1975-1984Robert Muldoon
85%
1990-1997Jim Bolger
82%
1984-1989David Lange
76%
1935-1940Michael Joseph Savage
76%
1957Keith Holyoake
73%
1960-1972Keith Holyoake
73%
1972-1974Norman Kirk
67%
1940-1949Peter Fraser
67%
1893-1906Richard Seddon
66%
1990Mike Moore
64%
1989-1990Geoffrey Palmer
63%
1949-1957Sidney Holland
61%
1972Jack Marshall
55%
1957-1960Walter Nash
55%
1974-1975Bill Rowling
54%
1912-1925William Massey
54%
1877-1879George Grey
42%
1925-1928Joseph Gordon Coates
42%
1930-1935George Forbes
37%
1873-1875Julius Vogel
37%
1876Julius Vogel
37%
1912Thomas Mackenzie
36%
1879-1882John Hall
34%
1906-1912Joseph Ward
33%
1928-1930Joseph Ward
33%
1891-1893John Ballance
28%
1856Henry Sewell
27%
1876-1877Harry Atkinson
25%
1884Harry Atkinson
25%
1887-1891Harry Atkinson
25%
1883-1884Harry Atkinson
25%
1856William Fox
25%
1861-1862William Fox
25%
1869-1872William Fox
25%
1873William Fox
25%
1872Edward Stafford
24%
1865-1869Edward Stafford
24%
1856-1861Edward Stafford
24%
1863-1864Frederick Whitaker
24%
1882-1883Frederick Whitaker
24%
1862-1863Alfred Domett
22%
1872-1873George Waterhouse
21%
1875-1876Daniel Pollen
19%
1884Robert Stout
19%
1884-1887Robert Stout
19%
1864-1865Frederick Weld
16%

Score Distribution

Percentile by Number Answered

Percent of People with Each Score

Your Score History

You have not taken this quiz since the last reset